| 000 | 01417 a2200265 4500 | ||
|---|---|---|---|
| 005 | 20080904124513.0 | ||
| 008 | 080904t xxu||||| |||| 00| 0 hin d | ||
| 010 | _aHIN-79016 | ||
| 020 | _c400.00 | ||
| 035 | _aHN-51363 | ||
| 037 | _bD.B.Act / ven | ||
| 082 | _a370.15 | ||
| 100 | _aपाराशर, मधु | ||
| 245 |
_aअधिगम का मनो-सामाजिक आधार एवं शिक्षण _cमधु पाराशर |
||
| 246 |
_aAdhiniam ka mano-samajic adhar avam shikshan _bMadhu Prashar |
||
| 260 |
_aजयपुर _bस्वाति पब्लिकेशन्स _c2006 |
||
| 260 | _aजयपुर (वितरक) अनु प्रकाशन | ||
| 270 |
_aपालीवालों की गली,चौड़ा रास्ता _bजयपुर _k2318590, 2310230 |
||
| 270 | _a958, धामाणी मार्केट की गली, चौड़ा रास्ता | ||
| 300 |
_a364पृ _c22 सेमी (सजिल्द) |
||
| 700 | _aत्यागी, एम.पी.सिंह | ||
| 700 | _aशर्मा, सोमदत्त | ||
| 942 |
_adpl _cHN _k370.15 / पाराश _2ddc _h370.15 _mपाराश |
||
| 999 |
_c1123 _d1123 |
||